000
00234nam a2200085Ia 4500
245
0
_a
Of cops & robbers
100
_a
Nicol, Mike, Cape Town, South Africa, 2013
_9
67794
942
_c
BK
008
210817s9999 xx 000 0 und d
999
_c
271445
_d
271444